| 000 | 01131nam a2200277 u 4500 | ||
|---|---|---|---|
| 001 | 000002448 | ||
| 003 | DO-SdBNP | ||
| 005 | 20230213124422.0 | ||
| 007 | ta | ||
| 008 | 090702s197u dr a r 000 0 spa d | ||
| 040 |
_aDO-SdBNP _bspa _cBNPHU |
||
| 082 | 4 |
_a305.42 _bB142m _222 |
|
| 100 | 1 |
_aBáez Díaz, Tomás _d1909 _97736 |
|
| 245 | 1 | 3 |
_aLa mujer aborigen y la mujer en la colonia / _cTomás Báez Díaz. |
| 260 |
_aSanto Domingo : _b[s.n.], _c197? |
||
| 300 |
_a74p : _bil ; _c21 cm. |
||
| 500 | _aEl subtítulo de la obra no aparece en el documento, su participación en la etapa histórica que termina en el 1795, firma del Tratado de Basilea | ||
| 500 | _aIncluye referencias bibliográficas y notas al pie de las páginas | ||
| 586 | _aPremio Shell ¨Salomé Ureña de Henríquez¨ | ||
| 590 | _aInventariado, 2022/MFF | ||
| 650 | 4 |
_aMujeres _zRepública Dominicana _xHistoria _91930 |
|
| 650 | 4 |
_aIndígenas de República Dominicana _xMujeres _xHistoria _982007 |
|
| 650 | 4 |
_aIndígenas de República Dominicana _xMujeres _xCondiciones sociales _982008 |
|
| 910 | _aValidado. Control de calidad MFF | ||
| 942 |
_2ddc _cLBS1 |
||
| 999 |
_c2284 _d2284 |
||